Les Chapons (Record no. 170920)

MARC details
000 -LEADER
campo de control de longitud fija 00625nam a2200193 i 4500
001 - NÚMERO DE CONTROL
campo de control 170920
003 - IDENTIFICADOR DE NÚMERO DE CONTROL
campo de control ES-MaACL
005 - FECHA Y HORA DE LA ÚLTIMA TRANSACCIÓN
campo de control 20230906214510.0
007 - CAMPO FIJO DE DESCRIPCIÓN FÍSICA--INFORMACIÓN GENERAL
campo de control de longitud fija t|
008 - DATOS DE LONGITUD FIJA--INFORMACIÓN GENERAL
campo de control de longitud fija 090416s1966 fr ||||1| fre d
080 ## - NÚMERO DE LA CLASIFICACIÓN DECIMAL UNIVERSAL
Número de la Clasificación Decimal Universal 821.133.1-23"18"
100 1# - ENTRADA PRINCIPAL--NOMBRE DE PERSONA
Nombre de persona Descaves, Lucien.
9 (RLIN) 43841
245 14 - MENCIÓN DEL TÍTULO
Título Les Chapons
Resto del título : pièce en un acte /
Mención de responsabilidad, etc. Lucien Descaves & Georges Darien ; postface d'Auriant.
260 ## - PUBLICACIÓN, DISTRIBUCIÓN, ETC.
Lugar de publicación, distribución, etc. Paris :
Nombre del editor, distribuidor, etc. Jérôme Martineau,
Fecha de publicación, distribución, etc. 1966.
300 ## - DESCRIPCIÓN FÍSICA
Extensión 92 p. ;
Dimensiones 19 cm.
700 0# - ENTRADA AGREGADA--NOMBRE PERSONAL
Nombre de persona Darien, Georges.
9 (RLIN) 42713
700 0# - ENTRADA AGREGADA--NOMBRE PERSONAL
Nombre de persona Auriant.
9 (RLIN) 139814
852 4# - LOCALIZACIÓN
Ubicación ES-MaACL
Número de control de estantería E-12579
itemnumber R.140202
Nota libre . - Biblioteca Jacinto Martínez Lacalle
Holdings
Estatus retirado Estado de pérdida Estado de daño No para préstamo Biblioteca de origen Biblioteca actual Ubicación en estantería Fecha de adquisición Fuente de adquisición Total de préstamos Signatura topográfica completa Código de barras Visto por última vez Precio de reemplazo Tipo de ítem Koha
        Biblioteca del Ateneo de Madrid Biblioteca del Ateneo de Madrid Depósito 2 16/04/2009     E-12579 1179381 23/02/2023 23/02/2023 Libro impreso